000 00385nam a2200169Ia 4500
008 210210b1925 xxu||||| |||| 00| 0 eng d
041 _aeng
082 _a829/321
100 _aDIVER (Maud)
245 _aFar to seek
260 _aEdinburgh
_bWilliam Blackwood and Sons
_c1925
650 _ato
650 _aseek
650 _aFar
690 _aEnglish Fiction
906 _a016926
999 _c136849
_d136849